00540nam a2200169Ia 4500082002300000100002200023245002100045260005200066300001000118650003700128650002800165650003800193650005100231650001800282650003100300650003900331 a307.77209543 THU-; aThusu, Kidar Nath 0aDhurwa of Bastar aCalcuttabAnthropological Survey of Indiac1965 a241p. aScheduled tribe (Madhya Pradesh) aTribes - Madhya Pradesh aMadhya Pradesh - Scheduled tribes aParji (Indic people) - Social life and customs aDhurwa tribes aEthnology - Madhya Pradesh aMadhya Pradesh - Social conditions